| 000 | 00641nam a2200181Ia 4500 | ||
|---|---|---|---|
| 008 | 151018s9999 xx 000 0 und d | ||
| 082 |
_bRBASDV18311 _a891.463 |
||
| 100 | _aग रा टिकेकर | ||
| 245 | _aस्वच्छ हातांचा माणूस | ||
| 250 | _b1 | ||
| 260 |
_bरविराज प्रकाशन पुणे _c1984 |
||
| 300 | _a137 | ||
| 600 | _aग रा टिकेकर | ||
| 630 | _aस्वच्छ हातांचा माणूस | ||
| 700 | _aग रा टिकेकर | ||
| 730 | _aस्वच्छ हातांचा माणूस | ||
| 942 | _cBOOK | ||
| 999 |
_c1018975 _d1018972 |
||